000 00508nam a22001937a 4500
999 _c1385
_d1385
003 OSt
005 20191030101939.0
008 150409b xxu||||| |||| 00| 0 eng d
020 _a9241545755
040 _cDNLM
082 _aWO 27 S77w 2004
100 _aWorld Health Organization
_93669
245 _aSurgical Care at the District Hospital
260 _aLondon:
_bWHO,
_c2004
300 _aDifferent numbering.
_bill;
_c29 cm.
504 _aIncludes index.
650 _aSurgery
_93670
942 _2z
_cSLOAN